000 00527nam a2200193Ia 4500
003 GCL
008 140319s9999 xx 000 0 eng d
040 _aGCL /
_cGCL
082 0 4 _a530.12
_bM I
100 1 _aMATHEWS, P. T.
245 1 0 _aINTRODUCTION TO QUANTUM MECHANICS /
_cMATHEWS, P. T.
260 _a[S.N] :
_bTATA MCGRAW - HILL PUBLISHING COMPANY LT ،
_c1993
300 _a208\P
650 0 4 _aSTATISTICS
650 0 4 _aELECTROMAGNETIC
650 0 4 _aQUANTUM MECHANICS
650 0 4 _aATOMIC PHYSICS
942 _2ddc
_cBK
999 _c20125
_d20125